Castelli In Aria

Furkejuvvon:
Bibliográfalaš dieđut
Váldodahkki: Patricia Gallagher
Materiálatiipa: Girji
Giella:meroštallameahttun
Almmustuhtton: Euro Club
Fáddágilkorat: Lasit fáddágilkoriid
Eai fáddágilkorat, Lasit vuosttaš fáddágilkora!

MARC

LEADER 00000nam a2200000Ia 4500
001 R-988
003 CODICE-MESSINA
005 20260212102500.0
008 260211s9999 xx 000 0 und d
040 |c importazione_messina 
100 |a Patricia Gallagher 
245 0 |a Castelli In Aria  
260 |b Euro Club 
942 |2 ddc  |c BK 
952 |0 0  |1 0  |2 ddc  |4 0  |6 SCAFFALE_10_000000000000000__ROMANZI  |7 0  |9 31817  |a ME  |b ME  |d 2026-02-11  |l 0  |o SCAFFALE 10 - ROMANZI  |p R-988  |r 2026-02-11 23:52:47  |w 2026-02-11  |x [REVISIONARE]  |y BK 
999 |c 27482  |d 27482